2906-尼崎市(兵庫県)の駅 - Statistics

General Stats
  • This quiz has been taken 79 times
  • The average score is 9 of 12
Answer Stats
Answer % Correct
尼崎
100%
尼崎
100%
塚口
87%
塚口
87%
大物
81%
尼崎センタープール前
79%
立花
69%
園田
68%
武庫之荘
66%
出屋敷
61%
杭瀬
60%
猪名寺
56%
No matching quizzes found
Score Distribution
Percent of People with Each Score
Percentile by Number Answered
Your Score History
You have not taken this quiz